| 000 | 00742nam a2200253Ia 4500 | ||
|---|---|---|---|
| 003 | OSt | ||
| 005 | 20251107101217.0 | ||
| 008 | 210210b2014 xxu||||| |||| 00| 0 eng d | ||
| 020 | _a9789383765140 | ||
| 040 | _cAL | ||
| 041 | _aKannada | ||
| 082 | _aK894.9 NIKM | ||
| 100 |
_aNIKETHANA _d ನಿಕೇತನ _9244555 |
||
| 245 |
_aMahila abhivyakti samakalina samvada _bಮಹಿಳಾ ಅಭಿವ್ಯಕ್ತಿ ಸಮಕಾಲೀನ ಸಂವಾದ |
||
| 260 |
_aUdupi _bRashi Prakashana _c2014 |
||
| 300 | _aviii,112 | ||
| 650 |
_asamvada _9244556 |
||
| 650 |
_asamakalina _9244557 |
||
| 650 |
_aMahila _9244558 |
||
| 650 |
_aabhivyakti _9244559 |
||
| 690 |
_aKannada Criticism _9244560 |
||
| 906 | _a069386 | ||
| 942 |
_2ddc _cBK |
||
| 999 |
_c119048 _d119048 |
||